000 00460nam a2200181Ia 4500
001 2977
005 20260306144846.0
008 260306t2005||||xx |||||||||||||| ||spa||
041 _aESP
082 _a238.2
_bR29
100 _aRatzinger, Joseph
_eAUT
245 0 _aIntroducción al cristianismo:
_blecciones sobre el credo apostólico
260 _c2005
300 _a314 páginas :
_c22 cm.
650 _aGEN
654 _aCHU
942 _cLIB
_dJUS
_fJUS
_2ddc
_n
999 _c2977
_d2977